000 00436nam a2200133 a 4500
001 000032774
005 20200930065827.0
008 110726s1909 dr 000 0 spa d
040 _aDO-SdBNP
_bspa
_cBNPHU
245 0 0 _aInforme del director-inspector general de enseñanza publica al ciudadano de P. de Justicia é Instrucción Pública.
260 _aSanto Domingo :
_bImp. Paláu,
_c1909.
300 _a63 p. ;
_c26 cm.
049 _aBNPD
999 _c32265
_d32265